[Event "Rated Blitz game"]
[Site "?"]
[Date "2021.06.04"]
[Round "?"]
[White "pablo_ajjmar"]
[Black "Taabling"]
[Result "0-1"]
[WhiteElo "2382"]
[BlackElo "2462"]
[PlyCount "202"]
[EventDate "2021.??.??"]
[EventType "blitz"]

1. e4 e5 2. Nf3 d5 3. exd5 Bd6 4. Nc3 Nf6 5. d3 O-O 6. Bg5 Nbd7 7. Be2 a6 8. a4
b6 9. d4 exd4 10. Qxd4 Bb7 11. O-O h6 12. Bh4 Re8 13. Rfe1 Bc5 14. Qd2 Bb4 15.
Bc4 Rxe1+ 16. Rxe1 Qf8 17. Nd4 Qc5 18. Qd3 Bxc3 19. Nb3 Bxe1 20. Nxc5 Nxc5 21.
Qd1 Re8 22. Bxf6 gxf6 23. Qg4+ Kf8 24. Qf4 Re5 25. Qxf6 Nd7 26. Qxh6+ Ke7 27.
h4 Bxd5 28. Bxd5 Rxd5 29. h5 Bd2 30. Qg7 Rd6 31. c3 Bh6 32. Qg4 Nf6 33. Qe2+
Re6 34. Qxa6 Re1+ 35. Kh2 Ng4+ 36. Kg3 f5 37. Qb5 Re5 38. Qc6 Rc5 39. Qg6 Bf8
40. f3 Nh6 41. Qh7+ Nf7 42. Qg6 Bh6 43. Kf2 Re5 44. Qg8 Be3+ 45. Kf1 f4 46. Qc8
Bc5 47. Qg4 Bd6 48. h6 Nxh6 49. Qh4+ Kd7 50. Qxh6 Rd5 51. Qg7+ Kc6 52. Ke2 Re5+
53. Kd3 Rd5+ 54. Kc2 Re5 55. Qg6 Re2+ 56. Kb3 Kb7 57. Kc4 Rxb2 58. Qe4+ Ka7 59.
Qg6 Ra2 60. Kb5 Rb2+ 61. Kc6 Rb3 62. Qf6 Ra3 63. Kb5 Rb3+ 64. Kc4 Ra3 65. Kb5
Ra2 66. Qg6 Rb2+ 67. Kc6 Rb3 68. Qc2 Ra3 69. Kb5 Kb7 70. Qe4+ Ka7 71. Kc6 Rxc3+
72. Kd7 Rc5 73. Kc8 c6 74. Kd7 Be5 75. Qh7 Ka6 76. Qd3+ Ka5 77. Ke6 Kxa4 78.
Qd1+ Ka5 79. Qb3 b5 80. Qa2+ Kb6 81. Kd7 Rd5+ 82. Kc8 b4 83. Qa4 Rb5 84. Qb3
Bc3 85. Kd7 Rd5+ 86. Kc8 Kb5 87. Kb7 Rd7+ 88. Kc8 Rg7 89. Qc2 c5 90. Qd3+ Ka4
91. Qa6+ Kb3 92. Qe2 c4 93. Qd1+ Ka3 94. Qc1+ Ka4 95. Qc2+ Kb5 96. Qf5+ Kc6 97.
Qe4+ Kc5 98. Qf5+ Kd6 99. Qxf4+ Be5 100. Qd2+ Kc6 101. Qxb4 Rg8+ {Normal} 0-1

[Event "Rated Blitz game"]
[Site "?"]
[Date "2021.06.04"]
[Round "?"]
[White "Kotti65"]
[Black "pasha1984"]
[Result "0-1"]
[WhiteElo "2403"]
[BlackElo "2411"]
[PlyCount "90"]
[EventDate "2021.??.??"]
[EventType "blitz"]

1. e4 e5 2. Nf3 d5 3. d4 dxe4 4. Nxe5 Bd6 5. Nc4 Nc6 6. Nxd6+ Qxd6 7. c3 Qg6 8.
h4 Bg4 9. Qb3 O-O-O 10. Bf4 Nge7 11. Nd2 Nd5 12. Be3 f5 13. Bg5 Rd7 14. Bc4 h6
15. Bxd5 hxg5 16. Be6 gxh4 17. Bxd7+ Kxd7 18. Nc4 Kc8 19. Ne3 f4 20. Nxg4 Qxg4
21. Qf7 g5 22. d5 Ne5 23. Qe6+ Qxe6 24. dxe6 Nd3+ 25. Ke2 Re8 26. g3 hxg3 27.
fxg3 Rxe6 28. Rh8+ Kd7 29. Rah1 Nxb2 30. Rg8 f3+ 31. Ke3 Nc4+ 32. Kd4 b5 33.
Rxg5 a6 34. Rd5+ Kc6 35. Rf5 Rg6 36. a4 Rg4 37. Rh6+ Nd6 38. Ke3 Rxg3 39. Rf4
Rg2 40. axb5+ axb5 41. Rxd6+ cxd6 42. Rxe4 Re2+ 43. Kxf3 Rxe4 44. Kxe4 Kc5 45.
Kd3 Kd5 {Time forfeit} 0-1

[Event "Rated Blitz tournament v0ns4vBg"]
[Site "?"]
[Date "2021.06.04"]
[Round "?"]
[White "I-Maksim2010"]
[Black "INISAYA"]
[Result "1-0"]
[WhiteElo "2247"]
[BlackElo "2418"]
[PlyCount "63"]
[EventDate "2021.??.??"]
[EventType "blitz"]

1. e4 e5 2. Nf3 d5 3. exd5 e4 4. Nd4 Qxd5 5. Nb3 Nf6 6. Nc3 Qe5 7. d3 exd3+ 8.
Be3 dxc2 9. Qxc2 Bf5 10. Bd3 Bxd3 11. Qxd3 Bd6 12. O-O-O O-O 13. Rhe1 Nc6 14.
Bd4 Qxd4 15. Nxd4 Nxd4 16. Qxd4 Rad8 17. Kb1 a6 18. Ne4 Nxe4 19. Qxe4 h6 20. f4
b5 21. f5 f6 22. Qe6+ Kh8 23. Re4 a5 24. Rh4 a4 25. Rd3 b4 26. Rdh3 Kh7 27. Qe3
Be5 28. Rxh6+ Kg8 29. Rh8+ Kf7 30. Rxf8+ Rxf8 31. Rh4 b3 32. Rxa4 {Normal} 1-0

[Event "Rated Rapid game"]
[Site "?"]
[Date "2021.06.04"]
[Round "?"]
[White "TeddySanchez"]
[Black "DarthZannah"]
[Result "0-1"]
[WhiteElo "2338"]
[BlackElo "2486"]
[PlyCount "148"]
[EventDate "2021.??.??"]
[EventType "rapid"]

1. e4 e5 2. Nf3 d5 3. exd5 e4 4. Nd4 Qxd5 5. Nb3 Nf6 6. Nc3 Qe5 7. Be2 Bd6 8.
d4 exd3 9. cxd3 O-O 10. Be3 Nc6 11. Qd2 Ng4 12. O-O-O Nxe3 13. fxe3 Be6 14. d4
Qg5 15. d5 Rfd8 16. dxe6 fxe6 17. h4 Qxg2 18. Bc4 Qg4 19. Qe2 Qg6 20. h5 Qh6
21. Kb1 Ne5 22. Nd4 Kh8 23. Nxe6 Re8 24. Nd4 Nxc4 25. Qxc4 Qxe3 26. Nf5 Qc5 27.
Nxd6 cxd6 28. Qxc5 dxc5 29. Rd7 Rab8 30. h6 Rg8 31. Ne4 gxh6 32. Rxh6 Rg7 33.
Nxc5 b6 34. Na6 Rf8 35. Rd1 Rf2 36. Nb4 Rgg2 37. Nd3 Rd2 38. Rxd2 Rxd2 39. Nf4
Kg7 40. Rh3 Rd7 41. Kc2 Kf6 42. a3 Kg5 43. Ne2 h5 44. Rd3 Re7 45. Kd2 h4 46.
Ke1 Rf7 47. Ng1 Kg4 48. b4 Rf4 49. Ke2 Rc4 50. Kf2 a5 51. bxa5 bxa5 52. Kg2
Rc2+ 53. Kh1 Ra2 54. Nf3 a4 55. Ne5+ Kf4 56. Nc6 Rb2 57. Rd4+ Kg3 58. Rd3+ Kf4
59. Na5 Rb5 60. Nc4 Rb3 61. Rd2 Rc3 62. Nb2 Rxa3 63. Kh2 Kg4 64. Nd3 Kf3 65.
Nc5 Ke3 66. Rb2 Kd4 67. Ne6+ Kc4 68. Nf4 Rb3 69. Ra2 a3 70. Ng2 Kb4 71. Ne1 Kc3
72. Rc2+ Kb4 73. Kh1 Rb1 74. Kg2 Rxe1 {Time forfeit} 0-1

[Event "Rated Blitz tournament v0ns4vBg"]
[Site "?"]
[Date "2021.06.04"]
[Round "?"]
[White "I-Maksim2010"]
[Black "INISAYA"]
[Result "0-1"]
[WhiteElo "2259"]
[BlackElo "2428"]
[PlyCount "22"]
[EventDate "2021.??.??"]
[EventType "blitz"]

1. e4 e5 2. Nf3 d5 3. Nxe5 dxe4 4. Bc4 Qg5 5. Bxf7+ Ke7 6. Qh5 Qxg2 7. Rf1 Nf6
8. Qh4 Nbd7 9. Nxd7 Bxd7 10. Bc4 b5 11. Be2 g5 {Normal} 0-1

[Event "Rated Blitz game"]
[Site "?"]
[Date "2021.06.04"]
[Round "?"]
[White "spanner-rt07"]
[Black "KinzyabulatovRenat"]
[Result "1/2-1/2"]
[WhiteElo "2418"]
[BlackElo "2400"]
[PlyCount "103"]
[EventDate "2021.??.??"]
[EventType "blitz"]

1. e4 e5 2. Nf3 d5 3. d4 dxe4 4. Nxe5 Bd6 5. Nc4 Nf6 6. Nc3 O-O 7. Bg5 Be7 8.
Ne5 Nbd7 9. Bc4 Nb6 10. Bb3 Nbd5 11. Qd2 Be6 12. O-O-O c6 13. h4 a5 14. Bxf6
Nxf6 15. Bxe6 fxe6 16. f3 exf3 17. gxf3 Nd5 18. Rdg1 Kh8 19. Rg4 a4 20. Rhg1
Bf6 21. Ne4 Bxe5 22. dxe5 Rg8 23. Ng5 Qe8 24. Qd3 g6 25. h5 a3 26. b3 Nb4 27.
Rxb4 Rd8 28. Qe4 Rf8 29. Rxb7 Rd7 30. Qxc6 Rd1+ 31. Rxd1 Qxc6 32. Rxh7+ Kg8 33.
Rdd7 Rxf3 34. Rhg7+ Kf8 35. Nxf3 Qxf3 36. Rdf7+ Qxf7 37. Rxf7+ Kxf7 38. hxg6+
Kxg6 39. c4 Kf5 40. b4 Kxe5 41. Kd2 Kd4 42. c5 Kd5 43. Ke3 e5 44. Kd3 e4+ 45.
Ke3 Ke5 46. c6 Kd5 47. b5 Kc4 48. Kxe4 Kb4 49. c7 Kc3 50. c8=Q+ Kb2 51. Qc4 Ka1
52. Qb3 {Normal} 1/2-1/2

[Event "Rated Blitz game"]
[Site "?"]
[Date "2021.06.04"]
[Round "?"]
[White "ryansamurai"]
[Black "ahoramahora"]
[Result "0-1"]
[WhiteElo "2499"]
[BlackElo "2360"]
[PlyCount "80"]
[EventDate "2021.??.??"]
[EventType "blitz"]

1. e4 e5 2. Nf3 d5 3. exd5 e4 4. Nd4 Qxd5 5. Nb3 Qe5 6. Nc3 Nf6 7. Be2 Bd6 8.
d4 exd3 9. Qxd3 Bf5 10. Qe3 Nc6 11. Qxe5+ Nxe5 12. Be3 Bxc2 13. Nd4 Bd3 14.
O-O-O Bxe2 15. Ndxe2 O-O-O 16. h3 Kb8 17. Rhe1 a6 18. Bd4 Rhe8 19. Kc2 Nfd7 20.
Ne4 Bf8 21. N2c3 f5 22. Ng5 h6 23. Nf3 Nxf3 24. gxf3 Rxe1 25. Rxe1 Kc8 26. Nd5
Nb8 27. Re5 Nc6 28. Ne7+ Bxe7 29. Bc5 Nxe5 30. Bd6 Rxd6 31. h4 Nxf3 32. h5 Bf6
33. b4 Rd2+ 34. Kb3 Nd4+ 35. Kc4 c6 36. b5 Kc7 37. b6+ Kxb6 38. f4 Kc7 39. a4
b5+ 40. Kc5 Be7# {Normal} 0-1

[Event "Rated Blitz game"]
[Site "?"]
[Date "2021.06.04"]
[Round "?"]
[White "Buchi"]
[Black "annaly1979"]
[Result "0-1"]
[WhiteElo "2442"]
[BlackElo "2428"]
[PlyCount "50"]
[EventDate "2021.??.??"]
[EventType "blitz"]

1. e4 e5 2. Nf3 d5 3. Nc3 dxe4 4. Nxe4 f5 5. Nc3 e4 6. Ne5 Nf6 7. d4 Be6 8.
Bb5+ c6 9. Ba4 Nbd7 10. Bf4 Nxe5 11. Bxe5 Bd6 12. Bxd6 Qxd6 13. Ne2 O-O 14. O-O
Ng4 15. Ng3 Rad8 16. c3 c5 17. dxc5 Qxc5 18. Qe2 Bc4 19. Bb3 Bxb3 20. axb3 e3
21. fxe3 Nxe3 22. Rf2 Ng4 23. Nxf5 Nxf2 24. Nd4 Rde8 25. Qc2 Ng4 {Normal} 0-1

[Event "Rated Blitz game"]
[Site "?"]
[Date "2021.06.04"]
[Round "?"]
[White "Snowvaz"]
[Black "khalid_ontawar"]
[Result "1-0"]
[WhiteElo "2401"]
[BlackElo "2411"]
[PlyCount "53"]
[EventDate "2021.??.??"]
[EventType "blitz"]

1. e4 e5 2. Nf3 d5 3. Nxe5 Qe7 4. d4 f6 5. Nc3 dxe4 6. Qh5+ g6 7. Nxg6 Qf7 8.
Qb5+ c6 9. Nxh8 Qg7 10. Qe2 f5 11. f3 Qxh8 12. fxe4 fxe4 13. Nxe4 Ne7 14. Bg5
Bf5 15. Nf6+ Kd8 16. O-O-O h6 17. Bh4 Nd7 18. Nxd7 Bxd7 19. g3 Qg8 20. Kb1 a5
21. Bg2 a4 22. d5 cxd5 23. Rxd5 Ke8 24. Rhd1 Be6 25. Re5 Bxa2+ 26. Ka1 a3 27.
Rxe7+ {Normal} 1-0

[Event "Rated Blitz game"]
[Site "?"]
[Date "2021.06.04"]
[Round "?"]
[White "Bierpower"]
[Black "KinzyabulatovRenat"]
[Result "0-1"]
[WhiteElo "2489"]
[BlackElo "2403"]
[PlyCount "138"]
[EventDate "2021.??.??"]
[EventType "blitz"]

1. e4 e5 2. Nf3 d5 3. exd5 e4 4. Qe2 Nf6 5. d3 Qxd5 6. dxe4 Qxe4 7. Nc3 Bb4 8.
Bd2 Qxe2+ 9. Bxe2 O-O 10. O-O-O c6 11. h3 Re8 12. Bd3 h6 13. a3 Ba5 14. Rhe1
Be6 15. Ne4 Bxd2+ 16. Rxd2 Nxe4 17. Bxe4 Nd7 18. Nd4 Nf6 19. Bf3 Bd5 20. Rde2
Rxe2 21. Rxe2 Rd8 22. Bxd5 Rxd5 23. Nf3 Kf8 24. c3 g5 25. Nd4 c5 26. Nf3 b5 27.
Kc2 a5 28. Ne5 c4 29. Nc6 a4 30. Nd4 Nd7 31. Rd2 Nc5 32. Nxb5 Nd3 33. Nd4 Ne1+
34. Kd1 Nxg2 35. Nc2 Rb5 36. Ne3 Nf4 37. Nxc4 Nxh3 38. Nd6 Rb6 39. c4 Nxf2+ 40.
Ke2 Ng4 41. c5 Rc6 42. Nb7 Ne5 43. Rd6 Rc7 44. Rd5 Nd7 45. Kd3 Nf6 46. Rf5 Kg7
47. Nd6 Kg6 48. Rxf6+ Kxf6 49. Ne8+ Ke7 50. Nxc7 Kd7 51. Nd5 Kc6 52. Kc4 f5 53.
Nb4+ Kc7 54. c6 f4 55. Nd5+ Kd6 56. Kd4 f3 57. c7 Kd7 58. c8=Q+ Kxc8 59. Ne3 h5
60. Nf1 g4 61. Ke3 Kd7 62. Kf4 Ke6 63. Kg3 Kf5 64. Kh4 Kf4 65. b4 axb3 66. Nd2
b2 67. Nb1 f2 68. a4 f1=Q 69. a5 Qh1# {Normal} 0-1

[Event "Rated Blitz game"]
[Site "?"]
[Date "2021.06.04"]
[Round "?"]
[White "Zalan1110"]
[Black "annaly1979"]
[Result "1-0"]
[WhiteElo "2526"]
[BlackElo "2446"]
[PlyCount "49"]
[EventDate "2021.??.??"]
[EventType "blitz"]

1. e4 e5 2. Nf3 d5 3. exd5 e4 4. Qe2 f5 5. d3 Nf6 6. Bg5 Be7 7. Bxf6 Bxf6 8.
Nc3 O-O 9. dxe4 fxe4 10. Nxe4 Bxb2 11. Rb1 Bf6 12. Qc4 Kh8 13. Bd3 Bg4 14. Nxf6
Bxf3 15. Qh4 Qe7+ 16. Kd2 gxf6 17. gxf3 Nd7 18. Rbe1 Qf7 19. Rhg1 Ne5 20. Be4
Rad8 21. f4 Rxd5+ 22. Bxd5 Qxd5+ 23. Kc1 Nf3 24. Qxf6+ Rxf6 25. Re8+ {Normal}
1-0

[Event "Rated Blitz game"]
[Site "?"]
[Date "2021.06.04"]
[Round "?"]
[White "jonny_magia"]
[Black "magos33"]
[Result "0-1"]
[WhiteElo "2409"]
[BlackElo "2407"]
[PlyCount "114"]
[EventDate "2021.??.??"]
[EventType "blitz"]

1. e4 e5 2. Nf3 d5 3. Nxe5 Bd6 4. d4 dxe4 5. Nc3 Bxe5 6. dxe5 Qxd1+ 7. Nxd1 Nc6
8. Nc3 Bf5 9. Bf4 Nge7 10. O-O-O Ng6 11. Bg3 Ncxe5 12. Bb5+ c6 13. Ba4 O-O 14.
Rhe1 Rfe8 15. Nxe4 Nc4 16. Nc5 b5 17. Bb3 Na5 18. Bc7 Nxb3+ 19. axb3 Rac8 20.
Bg3 h5 21. f3 h4 22. Bf2 a5 23. Rxe8+ Rxe8 24. Re1 Rxe1+ 25. Bxe1 Nf4 26. g3
hxg3 27. hxg3 Ne2+ 28. Kd2 Nd4 29. c3 Nxf3+ 30. Ke2 Nxe1 31. Kxe1 Bc8 32. Ne4
Kf8 33. Nd6 Ba6 34. Nf5 g6 35. Nd4 Bb7 36. b4 axb4 37. cxb4 Ke7 38. Nb3 Kd6 39.
Nc5 Bc8 40. Kd2 Kd5 41. Kc3 f5 42. Nd3 g5 43. Nc5 Ke5 44. Kd3 f4 45. gxf4+ Kxf4
46. Ke2 g4 47. Kf2 g3+ 48. Kg2 Bf5 49. Na6 Be4+ 50. Kg1 Ke3 51. Nc7 Kd4 52.
Ne6+ Kc4 53. Ng5 Bd5 54. b3+ Kxb3 55. Nh7 Kxb4 56. Nf6 Bf3 57. Nh5 Bxh5 {Normal
} 0-1

[Event "Rated Blitz game"]
[Site "?"]
[Date "2021.06.04"]
[Round "?"]
[White "Druida78"]
[Black "KinzyabulatovRenat"]
[Result "0-1"]
[WhiteElo "2444"]
[BlackElo "2388"]
[PlyCount "58"]
[EventDate "2021.??.??"]
[EventType "blitz"]

1. e4 e5 2. Nf3 d5 3. Nxe5 Bd6 4. d4 dxe4 5. Bc4 Bxe5 6. dxe5 Qxd1+ 7. Kxd1 Nc6
8. e6 Bxe6 9. Bxe6 fxe6 10. Be3 O-O-O+ 11. Ke2 e5 12. Nc3 Nf6 13. Rhd1 Nd4+ 14.
Bxd4 exd4 15. Nb5 c5 16. Nxa7+ Kc7 17. Nb5+ Kc6 18. a4 Nd5 19. g3 Rhf8 20. Rf1
Rf3 21. Ra3 Rdf8 22. Rxf3 Rxf3 23. Ra1 Nb4 24. c3 d3+ 25. Kd2 Rxf2+ 26. Ke1
Re2+ 27. Kd1 Nc2 28. Rb1 Ne3+ 29. Kc1 Rc2# {Normal} 0-1

[Event "Rated Blitz game"]
[Site "?"]
[Date "2021.06.04"]
[Round "?"]
[White "easychess18"]
[Black "KinzyabulatovRenat"]
[Result "0-1"]
[WhiteElo "2468"]
[BlackElo "2391"]
[PlyCount "74"]
[EventDate "2021.??.??"]
[EventType "blitz"]

1. e4 e5 2. Nf3 d5 3. exd5 e4 4. Qe2 Nf6 5. d3 Qxd5 6. Nfd2 Nc6 7. dxe4 Qa5 8.
Qb5 Bc5 9. Qxa5 Nxa5 10. c3 Nc6 11. Be2 O-O 12. O-O Re8 13. Bf3 Ne5 14. a4 a5
15. Na3 Nxf3+ 16. gxf3 Bh3 17. Re1 Nh5 18. Nb3 Bd6 19. Nc4 Bf4 20. Ne3 Re6 21.
Ng4 Rg6 22. Nd4 Bxc1 23. Raxc1 Nf4 24. Kh1 Bg2+ 25. Kg1 h5 26. Nf5 hxg4 27.
Ne7+ Kh7 28. Nxg6 Kxg6 29. fxg4 Kg5 30. Re3 Rd8 31. Rce1 Rd2 32. e5 Bc6 33. h4+
Kxh4 34. g5 Nh3+ 35. Rxh3+ Kxh3 36. g6 fxg6 37. e6 Rd8 {Normal} 0-1

[Event "Rated Blitz game"]
[Site "?"]
[Date "2021.06.04"]
[Round "?"]
[White "DesertWolfTempo"]
[Black "KinzyabulatovRenat"]
[Result "1-0"]
[WhiteElo "2439"]
[BlackElo "2403"]
[PlyCount "71"]
[EventDate "2021.??.??"]
[EventType "blitz"]

1. e4 e5 2. Nf3 d5 3. d4 dxe4 4. Nxe5 Bd6 5. Nc4 Nf6 6. Bg5 Be7 7. Be2 Nc6 8.
c3 O-O 9. O-O Bf5 10. Ne3 Bg6 11. Nd2 Re8 12. Re1 Qd7 13. Bb5 a6 14. Ba4 b5 15.
Bc2 h6 16. Bh4 Rad8 17. a4 b4 18. a5 bxc3 19. bxc3 Nd5 20. Bxe7 Rxe7 21. Nxd5
Qxd5 22. Re3 Kh8 23. Qe2 f5 24. Qxa6 Nxd4 25. cxd4 Qxd4 26. Rd1 Qb2 27. Qc4
Red7 28. Rb3 Rxd2 29. Rxb2 Rxd1+ 30. Bxd1 Rxd1+ 31. Qf1 Rxf1+ 32. Kxf1 f4 33.
a6 e3 34. a7 Be4 35. a8=Q+ Bxa8 36. Rb8+ {Normal} 1-0

[Event "Rated Rapid game"]
[Site "?"]
[Date "2021.06.04"]
[Round "?"]
[White "Never_rematch"]
[Black "DarthZannah"]
[Result "1/2-1/2"]
[WhiteElo "2508"]
[BlackElo "2464"]
[PlyCount "139"]
[EventDate "2021.??.??"]
[EventType "rapid"]

1. e4 e5 2. Nf3 d5 3. exd5 e4 4. Qe2 Nf6 5. Nc3 Be7 6. Nxe4 O-O 7. d3 Qxd5 8.
Nxf6+ Bxf6 9. Qe4 Qa5+ 10. Bd2 Qb6 11. Be2 Qxb2 12. O-O Nc6 13. Rfc1 Bd7 14.
Qd5 Be6 15. Qe4 Rfe8 16. Qa4 Bd5 17. Bd1 b5 18. Qf4 Ne5 19. Rab1 Qxa2 20. Rxb5
c6 21. Ra5 Qb2 22. h3 Nxf3+ 23. Bxf3 Bxf3 24. gxf3 Re2 25. Be3 h6 26. Rf1 Qxc2
27. Rxa7 Rxa7 28. Qb8+ Kh7 29. Qxa7 Qxd3 30. Qxf7 Rc2 31. Qe6 c5 32. Qe4+ Qxe4
33. fxe4 c4 34. Rc1 Rxc1+ 35. Bxc1 Kg6 36. Kf1 Kh5 37. Kg2 Kh4 38. f4 c3 39. e5
Be7 40. Kh2 Bc5 41. Kg2 Kh5 42. Kg3 Kg6 43. Kg4 h5+ 44. Kf3 Kf5 45. Kg2 Bd4 46.
Kf3 g5 47. fxg5 Bxe5 48. Ke2 Bd6 49. Kd3 Be7 50. Kxc3 Bxg5 51. Ba3 Kf4 52. Kd3
Kg3 53. h4 Kxh4 54. Ke2 Kg4 55. Bd6 h4 56. Kf1 h3 57. Kg1 Kf3 58. Kh1 h2 59.
Bf8 Be3 60. Be7 Bf4 61. Bd8 Ke4 62. Be7 Kf3 63. Bf8 Ke4 64. Bg7 Kf5 65. Bh8 Ke4
66. Bb2 Kf3 67. Ba3 Ke4 68. Bb2 Kf5 69. Bc1 Ke4 70. Bb2 {Normal} 1/2-1/2

[Event "Rated Blitz tournament WepJVe1l"]
[Site "?"]
[Date "2021.06.04"]
[Round "?"]
[White "Mikasinski"]
[Black "NaestvedVinderAltid"]
[Result "1-0"]
[WhiteElo "2594"]
[BlackElo "2332"]
[PlyCount "135"]
[EventDate "2021.??.??"]
[EventType "blitz"]

1. e4 e5 2. Nf3 d5 3. Nxe5 Bd6 4. d4 dxe4 5. Nc4 Ne7 6. Nc3 f5 7. Be2 O-O 8.
O-O Ng6 9. f4 exf3 10. Bxf3 Nc6 11. Nxd6 cxd6 12. Be3 f4 13. Bf2 Qg5 14. Kh1
Bf5 15. Qd2 Rae8 16. Rae1 Rxe1 17. Rxe1 Nh4 18. Bd5+ Kh8 19. Nb5 Bh3 20. Bxh4
Qxd5 21. Nc3 Qh5 22. Qf2 Bg4 23. h3 Bd7 24. Be7 Nxe7 25. Rxe7 Rf7 26. Re4 h6
27. Rxf4 Re7 28. Re4 Rf7 29. Qe2 Qf5 30. Kg1 Bc6 31. Re3 Rf6 32. Rg3 Rg6 33.
Rxg6 Qxg6 34. d5 Bd7 35. Kh2 Bf5 36. g4 Bxc2 37. Qe6 Qd3 38. Qc8+ Kh7 39. Qf5+
Qxf5 40. gxf5 Bxf5 41. Nb5 Be4 42. Nxa7 Bxd5 43. a3 Bc6 44. Kg3 Bh1 45. Nb5 d5
46. Kf4 Kg6 47. Ke5 Kg5 48. Nd6 d4 49. Kxd4 Kh4 50. Nf5+ Kxh3 51. Nxg7 Kg4 52.
Ne6 h5 53. Nc5 h4 54. Nd3 Kg3 55. Ke3 h3 56. Nf2 h2 57. Nxh1+ Kg2 58. Nf2 Kg1
59. b4 Kg2 60. a4 Kg1 61. b5 Kf1 62. a5 Kg2 63. a6 h1=Q 64. Nxh1 Kxh1 65. axb7
Kg1 66. b8=Q Kg2 67. Qf4 Kh1 68. b6 {Normal} 1-0

[Event "Rated Blitz tournament kL7Yxh3y"]
[Site "?"]
[Date "2021.06.04"]
[Round "?"]
[White "MasterSili"]
[Black "Jorny_Too_Pass"]
[Result "1/2-1/2"]
[WhiteElo "2421"]
[BlackElo "2254"]
[PlyCount "46"]
[EventDate "2021.??.??"]
[EventType "blitz"]

1. e4 e5 2. Nf3 d5 3. d4 dxe4 4. Nxe5 Bd6 5. Bf4 Nf6 6. Bg3 O-O 7. Bc4 Nbd7 8.
O-O Qe7 9. f4 exf3 10. Nxd7 Bxd7 11. Qxf3 Bc6 12. d5 Bxg3 13. dxc6 Be5 14. cxb7
Rab8 15. Nd2 Rfd8 16. Nb3 Bxb2 17. Rae1 Qb4 18. Ba6 Qb6+ 19. Kh1 Qxa6 20. Nc5
Qc4 21. Nd3 Bc3 22. Rb1 h6 23. Qg3 Ne4 {Normal} 1/2-1/2

[Event "Rated Blitz game"]
[Site "?"]
[Date "2021.06.04"]
[Round "?"]
[White "ljdr"]
[Black "Schachelite"]
[Result "0-1"]
[WhiteElo "2521"]
[BlackElo "2454"]
[PlyCount "92"]
[EventDate "2021.??.??"]
[EventType "blitz"]

1. e4 e5 2. Nf3 d5 3. exd5 e4 4. Qe2 Nf6 5. d3 Qxd5 6. Nbd2 Nc6 7. Nxe4 Be6 8.
Nxf6+ gxf6 9. Qe4 Qxe4+ 10. dxe4 Nb4 11. Bb5+ c6 12. Ba4 b5 13. a3 Na6 14. Bb3
Bxb3 15. cxb3 Nc5 16. Nd2 Nd3+ 17. Ke2 O-O-O 18. b4 Bh6 19. Rd1 Rhe8 20. f3 f5
21. Nb3 Nxc1+ 22. Nxc1 fxe4 23. Rxd8+ Kxd8 24. fxe4 Rxe4+ 25. Kf2 Rf4+ 26. Kg3
Rf1 27. Nb3 Rxa1 28. Nxa1 Bc1 29. Nc2 Bxb2 30. Kf4 Kd7 31. Kf5 Kd6 32. Ke4 c5
33. g4 c4 34. h3 a6 35. h4 Ke6 36. Kf4 Kd5 37. Kf5 Bh8 38. Kg5 Bg7 39. Ne3+ Ke4
40. Nf5 Be5 41. Kh6 c3 42. Kxh7 c2 43. h5 c1=Q 44. Nh6 Qg5 45. Nf5 Qxg4 46. Nh6
Qg7# {Normal} 0-1

[Event "Rated Blitz game"]
[Site "?"]
[Date "2021.06.04"]
[Round "?"]
[White "garri1976"]
[Black "Aga571"]
[Result "1-0"]
[WhiteElo "2520"]
[BlackElo "2378"]
[PlyCount "105"]
[EventDate "2021.??.??"]
[EventType "blitz"]

1. e4 e5 2. Nf3 d5 3. Nxe5 Bd6 4. d4 dxe4 5. Nc4 Nf6 6. Nc3 Bb4 7. Be2 O-O 8.
O-O Nc6 9. Be3 Be6 10. a3 Bxc3 11. bxc3 h6 12. Rb1 b6 13. h3 Rc8 14. Bd2 Ne7
15. Ne3 Ned5 16. c4 Nf4 17. d5 Nxe2+ 18. Qxe2 Bd7 19. Bc3 Re8 20. Rbd1 Nh7 21.
Qh5 Qg5 22. Qxg5 Nxg5 23. h4 Nf3+ 24. gxf3 exf3 25. Kh2 Re4 26. Rd4 Rce8 27.
Rxe4 Rxe4 28. Kg3 f5 29. Kxf3 Rxh4 30. Be5 c6 31. Bb8 cxd5 32. cxd5 Ra4 33. c4
g5 34. Rc1 Rxa3 35. Bd6 Rb3 36. Kg2 f4 37. Nd1 Kf7 38. Nc3 a5 39. Bc7 a4 40.
Be5 a3 41. Ne4 Kg6 42. c5 Bh3+ 43. Kh2 Bf5 44. Nd6 bxc5 45. Rxc5 Bg4 46. Rc6
Rh3+ 47. Kg2 Rd3 48. Nc4+ Kf5 49. Rf6+ Ke4 50. Bb8 Kd4 51. Nxa3 Rb3 52. d6 Rxb8
53. f3 {Time forfeit} 1-0

[Event "Rated Blitz game"]
[Site "?"]
[Date "2021.06.04"]
[Round "?"]
[White "afchex"]
[Black "Michael_Watts"]
[Result "0-1"]
[WhiteElo "2433"]
[BlackElo "2309"]
[PlyCount "96"]
[EventDate "2021.??.??"]
[EventType "blitz"]

1. e4 e5 2. Nf3 d5 3. Nxe5 Bd6 4. d4 dxe4 5. Bc4 Bxe5 6. Qh5 Qe7 7. Qxe5 Qxe5
8. dxe5 Nc6 9. Bf4 Nge7 10. Nc3 Bf5 11. Bg3 O-O 12. O-O-O Ng6 13. Nd5 Ngxe5 14.
Ne7+ Nxe7 15. Bxe5 c6 16. Bd6 Rfe8 17. Rhe1 Nc8 18. Bg3 Nb6 19. Bb3 a5 20. a4
Rac8 21. Rd6 Nd7 22. Red1 Nc5 23. Bf4 Nxb3+ 24. cxb3 h6 25. Be3 b5 26. Bb6 Be6
27. Bxa5 Bxb3 28. axb5 cxb5+ 29. Kd2 Bxd1 30. Kxd1 e3 31. fxe3 Rxe3 32. Bc3
Ree8 33. Rb6 Red8+ 34. Kc2 Rd5 35. Kb3 Re8 36. Kb4 Re4+ 37. Kb3 Re2 38. Rb8+
Kh7 39. Rb7 Kg6 40. Rb6+ f6 41. Rb7 Rxg2 42. Bb4 Rd3+ 43. Ka2 Rd5 44. Bf8 Kh7
45. Be7 f5 46. h4 f4 47. Bb4 Rf5 48. Rf7 Rxf7 {Normal} 0-1

[Event "Rated Blitz game"]
[Site "?"]
[Date "2021.06.04"]
[Round "?"]
[White "ZAN_GUREEZ123"]
[Black "annaly1979"]
[Result "1-0"]
[WhiteElo "2468"]
[BlackElo "2447"]
[PlyCount "76"]
[EventDate "2021.??.??"]
[EventType "blitz"]

1. e4 e5 2. Nf3 d5 3. exd5 e4 4. Qe2 f5 5. d3 Nf6 6. Bg5 Be7 7. dxe4 fxe4 8.
Bxf6 Bxf6 9. Qxe4+ Kf7 10. Qb4 Re8+ 11. Be2 a5 12. Qb3 a4 13. Qa3 Bf5 14. Nc3
Bxc2 15. Rc1 Bg6 16. Kf1 Kg8 17. h4 Nd7 18. h5 Bf7 19. Bb5 c6 20. dxc6 bxc6 21.
Bxc6 Rc8 22. Qxa4 Nc5 23. Qb5 Nd3 24. Rd1 Qc7 25. Bxe8 Bxe8 26. Qxd3 Qb6 27.
Nd5 Qxb2 28. Nxf6+ gxf6 29. Qb3+ Qxb3 30. axb3 Bf7 31. Nd4 Rd8 32. Ke2 h6 33.
Ke3 Re8+ 34. Kf4 Bd5 35. f3 Kf7 36. Rhe1 Rb8 37. Nf5 Rb4+ 38. Rd4 Rb5 {Normal}
1-0

[Event "Rated Blitz game"]
[Site "?"]
[Date "2021.06.04"]
[Round "?"]
[White "patzerking76"]
[Black "Taabling"]
[Result "1-0"]
[WhiteElo "2450"]
[BlackElo "2456"]
[PlyCount "33"]
[EventDate "2021.??.??"]
[EventType "blitz"]

1. e4 e5 2. Nf3 d5 3. exd5 Bd6 4. d4 e4 5. Ne5 Nf6 6. Bb5+ c6 7. dxc6 bxc6 8.
Ba4 O-O 9. Nc3 c5 10. O-O cxd4 11. Qxd4 Ng4 12. Bf4 Qf6 13. Nd5 Qxe5 14. Bxe5
Bxe5 15. Qxe4 Bxh2+ 16. Kh1 Bd6 17. Nc3 {Normal} 1-0

[Event "Rated Blitz tournament v0ns4vBg"]
[Site "?"]
[Date "2021.06.04"]
[Round "?"]
[White "Ra3d12"]
[Black "om_gendut"]
[Result "1/2-1/2"]
[WhiteElo "2225"]
[BlackElo "2414"]
[PlyCount "120"]
[EventDate "2021.??.??"]
[EventType "blitz"]

1. e4 e5 2. Nf3 d5 3. Nxe5 Bd6 4. d4 dxe4 5. Bc4 Bxe5 6. Qh5 Qe7 7. dxe5 g6 8.
Qg5 f6 9. exf6 Nxf6 10. O-O Be6 11. Qb5+ c6 12. Qb3 Bxc4 13. Qxc4 Nbd7 14. Bg5
O-O-O 15. Nc3 h6 16. Be3 Nb6 17. Bxb6 axb6 18. Rad1 Kb8 19. Rfe1 Rxd1 20. Rxd1
Rd8 21. Rxd8+ Qxd8 22. h3 Qe7 23. a4 e3 24. fxe3 Qxe3+ 25. Kh2 Qe5+ 26. Kg1 g5
27. Qe2 Qc5+ 28. Qf2 Qe5 29. Qe2 Qc7 30. Qe6 Nh5 31. Ne4 Nf4 32. Qd6 Qxd6 33.
Nxd6 Kc7 34. Nf7 Ne2+ 35. Kf2 Nd4 36. Nxh6 Nxc2 37. Nf7 Kd7 38. Nxg5 Nd4 39. h4
Ke7 40. g4 Kf6 41. Ke3 Nc2+ 42. Kd3 Ne1+ 43. Kc4 Ng2 44. Ne4+ Ke5 45. h5 Kxe4
46. h6 Nf4 47. h7 Ng6 48. a5 bxa5 49. Kc5 Kf4 50. Kb6 Kxg4 51. Kxb7 c5 52. Kb6
c4 53. Kxa5 Kh5 54. Kb4 Kh6 55. Kxc4 Kxh7 56. b4 Kg7 57. b5 Kf7 58. b6 Ne7 59.
b7 Nc6 60. b8=Q Nxb8 {Normal} 1/2-1/2